00318 a2200097 4500001001000000005001700010008004100027245005900068100002600127773006700153ART_3505620260410162005.0260409a 10aDerecho de propiedad y disposición del propio cuerpo1 aSiverino Bavio, Paula0 tTemas de derecho civilg- Año 1, Nº 2 (nov. 2015)wREV34778